It Happened on the way to war (Record no. 199931)
[ view plain ]
| 000 -LEADER | |
|---|---|
| fixed length control field | 00451nam a2200193Ia 4500 |
| 008 - FIXED-LENGTH DATA ELEMENTS--GENERAL INFORMATION | |
| fixed length control field | 240823s9999||||xx |||||||||||||| ||und|| |
| 020 ## - INTERNATIONAL STANDARD BOOK NUMBER | |
| International Standard Book Number | 978-1-4088-2823-6 |
| 082 ## - DEWEY DECIMAL CLASSIFICATION NUMBER | |
| -- | 362.556092 Q2 |
| 100 ## - MAIN ENTRY--PERSONAL NAME | |
| Personal name | Rye Barcott |
| 245 #0 - TITLE STATEMENT | |
| Title | It Happened on the way to war |
| 250 ## - EDITION STATEMENT | |
| Edition statement | 1st |
| 260 ## - PUBLICATION, DISTRIBUTION, ETC. (IMPRINT) | |
| Date of publication, distribution, etc | 2012 |
| Name of publisher, distributor, etc | "Prism Books,Ban" |
| 500 ## - GENERAL NOTE | |
| General note | YES |
| 650 ## - SUBJECT ADDED ENTRY--TOPICAL TERM | |
| Topical term or geographic name as entry element | Novel |
| 942 ## - ADDED ENTRY ELEMENTS (KOHA) | |
| Item type | Books |
| Withdrawn status | Lost status | Damaged status | Permanent location | Current location | Date acquired | Source of acquisition | Cost, normal purchase price | Full call number | Barcode | Date last seen | Koha item type |
|---|---|---|---|---|---|---|---|---|---|---|---|
| CENTRAL LIBRARY, NOORUL ISLAM CENTRE FOR HIGHER EDUCATION | CENTRAL LIBRARY, NOORUL ISLAM CENTRE FOR HIGHER EDUCATION | 11/30/2013 | Current Book House | 399.00 | 362.556092 Q2 | 51199 | 08/23/2024 | Books |
